000 00308nam a22001217a 4500
008 180515b xxu||||| |||| 00| 0 eng d
041 _aeng
080 _a043.3
100 _a0
101 _aMBE-BTH
245 _aStatistikat mbi regjistrimin e popullsisë: Metodologjia e aplikuar
_cMuja,L
942 _2udc
_cBK
999 _c45823
_d45823